000 00654nam a2200205 i 4500
001 61399
003 ES-MaACL
005 20230906164441.0
007 t|
008 031112s1981 xxk ||||1| eng d
100 1 _aEveritt, B. S.
_948394
245 1 0 _aFinite mixture distributions /
_cB.S. Everitt and D.J. Hand.
260 _aLondon, etc. :
_bChapman and Hall,
_c[1981]
300 _aIX, 143 p. ;
_c22 cm.
490 1 _aMonographis on applied probability and statistics
700 1 _aHand, D. J.
_961714
830 0 _aMonographis on applied probability and statistics
_9230597
852 _aES-MaACL
_jL-1975
_bR.102966
999 _c61399
_d61399